10 años de oceanografía institucional a bordo del Agor 60, Vidal Gormaz

Salvato in:
Dettagli Bibliografici
Ente Autore: Servicio Hidrográfico y Oceanográfico de la Armada de Chile (Autore)
Natura: Libro
Lingua:spagnolo
Pubblicazione: Valparaíso SHOA 2002
Soggetti:
Tags: Aggiungi Tag
Nessun Tag, puoi essere il primo ad aggiungerne!!

MARC

LEADER 00000nam a2200000 a 4500
001 UCL4744
003 CL-VaPUC
008 040227e20020000CL |||||||||||||||||spa|d
082 0 4 |a 551.46  |b SER  |2 21 
110 2 |a Servicio Hidrográfico y Oceanográfico de la Armada de Chile  |e author  |9 482404 
245 1 0 |a 10 años de oceanografía institucional a bordo del Agor 60, Vidal Gormaz 
300 |a 264 p 
942 |c BK 
945 |d 20040227 00:00:00  |a cmena 
260 |a Valparaíso  |b SHOA  |c 2002 
650 0 |a Oceanografía  |9 260014 
650 0 |a Investigación científica  |9 259857 
650 0 |a Proyectos de investigación   |9 259727 
583 |a last modification  |c 20040227 00:00:00  |k Rodrigo Vera 
999 |c 307518  |d 307516 
952 |0 0  |1 0  |2 ddc  |4 0  |6 551_460000000000000_SER_2002  |7 0  |8 P  |9 373526  |a BIBCUR  |b BIBCUR  |c PAC  |d 2019-11-21  |i 3974677  |o 551.46 SER 2002  |p 3974677  |r 2025-04-22  |w 2019-11-21  |y BK  |k CIM